| 000 | 01155nac a22002411u 4500 | ||
|---|---|---|---|
| 020 | _a9953004048 : | ||
| 082 |
_a658.4 _bDAI |
||
| 090 |
_c9026 _d9026 |
||
| 100 | _aDailey,Robert | ||
| 245 |
_aOrganisational behaviour / _cRobert Dailey |
||
| 260 |
_aLebanon : _bArab International Education,2003 _cc2003. |
||
| 300 |
_a1v.: _bill. ; _c24 cm. |
||
| 440 | _aEdinburgh Heriot-Watt Business School | ||
| 500 | _aIncludes index. | ||
| 500 | _aDistributer : Dar Fathy Taha Mohamed Desoukey | ||
| 511 | _aCatalogued by: Sara | ||
| 650 | _aOrganizational behavior. | ||
| 942 |
_cBB _k658.4DAI |
||
| 999 |
_c9026 _d9026 |
||